书目信息 |
| 题名: |
快速识别选购化肥实用手册
|
|
| 作者: | 范喜文 编著 | |
| 分册: | ||
| 出版信息: | 北京 中国农业出版社 2019.04 |
|
| 页数: | 180页 | |
| 开本: | 21cm | |
| 丛书名: | ||
| 单 册: | ||
| 中图分类: | S143-62 | |
| 科图分类: | ||
| 主题词: | 化学肥料--hua xue fei liao--选购--手册 | |
| 电子资源: | ||
| ISBN: | 978-7-109-25410-7 | |
| 000 | 00875nam0 2200229 450 | |
| 001 | 0106081852 | |
| 005 | 20201106082046.0 | |
| 010 | @a978-7-109-25410-7@dCNY36.00 | |
| 100 | @a20190921d2019 em y0chiy50 ea | |
| 101 | 0 | @achi |
| 102 | @aCN@b110000 | |
| 105 | @aa z 000yy | |
| 106 | @ar | |
| 200 | 1 | @a快速识别选购化肥实用手册@Akuai su shi bie xuan gou hua fei shi yong shou ce@f范喜文编著 |
| 210 | @a北京@c中国农业出版社@d2019.04 | |
| 215 | @a180页@c彩图@d21cm | |
| 330 | @a本书共三章,第一章将化肥包装标识分解为七项内容进行解析。第二章按化肥不同类别,介绍了快速定性识别化肥的方法,易于操作;介绍了如何辨识各类化肥包装标识存在问题。第三章对实际选购化肥时各类注意事项做了讲解。 | |
| 606 | 0 | @a化学肥料@Ahua xue fei liao@x选购@j手册 |
| 690 | @aS143-62@v5 | |
| 701 | 0 | @a范喜文@Afan xi wen@4编著 |
| 801 | 0 | @aCN@bBJSZM@c20201106 |
| 905 | @b1193448-51@dS143-62@e125@f4 | |
| 快速识别选购化肥实用手册/范喜文编著.-北京:中国农业出版社,2019.04 |
| 180页:彩图;21cm |
| ISBN 978-7-109-25410-7:CNY36.00 |
| 本书共三章,第一章将化肥包装标识分解为七项内容进行解析。第二章按化肥不同类别,介绍了快速定性识别化肥的方法,易于操作;介绍了如何辨识各类化肥包装标识存在问题。第三章对实际选购化肥时各类注意事项做了讲解。 |
| ● |
| 相关链接 |
|
|
|
|
正题名:快速识别选购化肥实用手册
索取号:S143-62/125
 
预约/预借
| 序号 | 登录号 | 条形码 | 馆藏地/架位号 | 状态 | 备注 |
| 1 | 1193448 | 211934488 | 第二样本阅览室/ [索取号:S143-62/125] | 在馆 | |
| 2 | 1193449 | 211934497 | 第三借阅区/ [索取号:S143-62/125] | 在馆 | |
| 3 | 1193450 | 211934503 | 第三借阅区/ [索取号:S143-62/125] | 在馆 | |
| 4 | 1193451 | 211934512 | 第三借阅区/ [索取号:S143-62/125] | 在馆 |